Monographie de la Cathédrale de Chartres /

Gardado en:
Detalles Bibliográficos
Autor Principal: Houvet, Etienne (autor)
Formato: Libro
Idioma:francés
Publicado: Chartres, Francia : Houvet, 1970
Etiquetas: Engadir etiqueta
Sen Etiquetas, Sexa o primeiro en etiquetar este rexistro!

MARC

LEADER 00000nam^a2200000^a^4500
001 000436162
005 20250526000000.0
009 20260310123149.391
037 |a Acervo ITESO - Biblioteca 
041 |a FRA 
091 |a FHM. 08093 
100 |a Houvet, Etienne  |e (autor) 
245 1 0 |a Monographie de la Cathédrale de Chartres / 
264 1 |a Chartres, Francia :  |b Houvet,  |c 1970 
300 |a 124 p. ;  |c 17.5 cm. 
336 |a texto  |b txt  |2 rdacontenido 
337 |a sin mediación  |b n  |2 rdamedio 
338 |a volumen  |b nc  |2 rdasoporte 
649 |a XX 
910 |a Fondo Hugo B. Margáin 
920 |a Impresos - Libros 
930 |a Libros Antiguos y Raros 
905 |a 126 
901 |a 0500308639  |b IT2  |c LRA  |i D114989  |u 20250526 
902 |a https://opac.biblio.iteso.mx/vufind/Record/000436162